000 00587nam a22002057a 4500
005 20220502101654.0
008 220502b ||||| |||| 00| 0 eng d
020 _a9789393881977
040 _aIN-DiNC
_cIN-DiNC
041 _dasm
082 _a891.4514
_bASA
245 _aAsamiya gadyar saneki/
_cedited by Bijumoni Dutta and Nilima Sensua
250 _a1st ed.
260 _aGuwahati:
_bPurbayon publication,
_c2022
300 _a125p.
650 _aCritical essays on Assamese prose
700 _aDutta, Bijumoni
_eEditor
700 _aSensua, Nilima
_eEditor
942 _2ddc
_cBK
999 _c11278
_d11278